000
00221 a2200097 4500
001
52241
100
_a
EBI
245
_a
Encyclopedia Britannica Book of the year 1984
260
_a
Chicago
_b
EBI
_c
090
_c
32901
_d
32901
942
_a
NUST-CAE
_c
M
_c
25449
999
_c
287314
_d
287314